000
00318nam a2200133Ia 4500
005
20251222144714.0
008
251222s9999||||xx |||||||||||||| ||spa||
020
_a
968-444-439-7
082
_a
658.84/J21
100
_a
Janal, Daniel
245
0
_a
Marketing en Internet:
264
_b
Pearson Educación
942
_c
LIB
999
_c
17963
_d
17963